| 000 | 01168cam a2200313 a 4500 | ||
|---|---|---|---|
| 001 | 2791018 | ||
| 003 | OSt | ||
| 005 | 20230621120408.0 | ||
| 008 | 830622s1980 enk b 001 0 eng | ||
| 010 | _a 81108647 | ||
| 015 | _aGB*** | ||
| 020 |
_a0435838040 : _c£12.50 |
||
| 040 |
_aDLC _cDLC _dDLC |
||
| 043 | _ae------ | ||
| 082 | 0 | 0 |
_a328.4 _bCOO |
| 110 | 2 | _aCommittee of Cooperation for European Parliamentary Studies. | |
| 245 | 1 | 0 |
_aParliaments and economic affairs in Britain, France, Italy and the Netherlands : _bthe results of a survey / _cby the Committee of Cooperation for European Parliamentary Studies ; edited by David Coombes and S.A. Walkland. |
| 260 |
_aLondon : _bHeinemann for the European Centre for Political Studies of the Policy Studies Institute, _c1980. |
||
| 300 |
_ax, 238 p. ; _c23 cm. |
||
| 500 | _aIncludes index. | ||
| 504 | _aBibliography: p. [229]-231. | ||
| 650 | 0 |
_aLegislative bodies _zEurope. |
|
| 650 | 0 |
_aLegislative oversight _zEurope. |
|
| 651 | 0 |
_aEurope _xEconomic policy. |
|
| 700 | 1 | _aCoombes, David L. | |
| 700 | 1 | _aWalkland, S. A. | |
| 906 |
_a7 _bcbc _corignew _d4 _encip _f19 _gy-gencatlg |
||
| 942 |
_2ddc _cBK |
||
| 999 |
_c2135 _d2135 |
||